[Event "FIDE World Rapid-ch Open 2018"]
[White "Grischuk, Alexander"]
[Black "Duda, Jan-Krzysztof"]
[Site "St. Petersburg"]
[Round "14.11"]
[Annotator "ChessBase"]
[Result "1/2-1/2"]
[Date "2018.12.28"]
[WhiteElo "2771"]
[BlackElo "2738"]
[PlyCount "70"]
[TimeControl "900+10"]

1. Nf3 {[%emt 0:0:0]} d5 {[%emt 0:0:0]} 2. g3 {[%emt 0:0:0]} g6 {[%emt 0:0:0]} 3. c4 {[%emt 0:0:0]} dxc4 {[%emt 0:0:15]} 4. Na3 {[%emt 0:0:1]} Bg7 {[%emt 0:0:10]} 5. Nxc4 {[%emt 0:0:3]} Nc6 {[%emt 0:0:3]} 6. d3 {[%emt 0:0:2]
} e5 {[%emt 0:1:0]} 7. Bd2 {[%emt 0:0:2]} Be6 {[%emt 0:1:55]
} 8. Qa4 {[%emt 0:1:41]} Qd7 {[%emt 0:0:40]} 9. Bc3 {[%emt 0:1:30]} f6 {[%emt 0:1:27]
} 10. h4 {[%emt 0:5:34]} Nh6 {[%emt 0:1:39]} 11. Bg2 {[%emt 0:0:0]} a6 {[%emt 0:0:19]} 12. Na5 {[%emt 0:2:4]} Nxa5 {[%emt 0:1:4]} 13. Qxd7+ {[%emt 0:0:3]} Kxd7 {[%emt 0:1:38]} 14. Bxa5 {[%emt 0:0:1]} c6 {[%emt 0:0:30]
} 15. Nd2 {[%emt 0:0:54]} Nf5 {[%emt 0:0:24]} 16. Ne4 {[%emt 0:0:0]} Nd6 {[%emt 0:1:24]} 17. Nc5+ {[%emt 0:0:7]} Ke7 {[%emt 0:0:1]} 18. Nxe6 {[%emt 0:0:40]} Kxe6 {[%emt 0:0:2]} 19. e3 {[%emt 0:0:28]} f5 {[%emt 0:0:9]
} 20. Ke2 {[%emt 0:0:3]} h5 {[%emt 0:0:31]} 21. Rhc1 {[%emt 0:0:0]} e4 {[%emt 0:0:37]} 22. d4 {[%emt 0:0:32]} Rhc8 {[%emt 0:1:28]} 23. Rc2 {[%emt 0:0:47]} Ne8 {[%emt 0:0:14]} 24. Ke1 {[%emt 0:0:27]} Nf6 {[%emt 0:0:11]
} 25. Bf1 {[%emt 0:0:2]} Bf8 {[%emt 0:0:20]} 26. Bc4+ {[%emt 0:0:10]
} Nd5 {[%emt 0:0:2]} 27. Rac1 {[%emt 0:0:19]} Bd6 {[%emt 0:0:0]} 28. Ke2 {[%emt 0:0:3]} Kd7 {[%emt 0:0:22]} 29. a3 {[%emt 0:0:32]} Rab8 {[%emt 0:1:15]} 30. Ba2 {[%emt 0:0:40]} Ra8 {[%emt 0:0:11]} 31. Bd2 {[%emt 0:0:36]
} Rc7 {[%emt 0:0:30]} 32. Ba5 {[%emt 0:0:53]} Rcc8 {[%emt 0:0:0]} 33. Bd2 {[%emt 0:0:1]} Rc7 {[%emt 0:0:2]} 34. Ba5 {[%emt 0:0:31]} Rcc8 {[%emt 0:0:1]} 35. Bd2 {[%emt 0:0:2]} Rc7 {[%emt 0:0:1]} 1/2-1/2

[Event "FIDE World Rapid-ch Open 2018"]
[White "Saric, Ivan"]
[Black "Anton Guijarro, David"]
[Site "St. Petersburg"]
[Round "14.12"]
[Annotator "ChessBase"]
[Result "1/2-1/2"]
[Date "2018.12.28"]
[WhiteElo "2695"]
[BlackElo "2642"]
[PlyCount "46"]
[TimeControl "900+10"]

1. e4 {[%emt 0:0:0]} e5 {[%emt 0:0:0]} 2. Nf3 {[%emt 0:0:0]} Nc6 {[%emt 0:0:0]
} 3. Bb5 {[%emt 0:0:0]} g6 {[%emt 0:0:0]} 4. c3 {[%emt 0:0:0]} a6 {[%emt 0:0:0]} 5. Bxc6 {[%emt 0:0:4]} dxc6 {[%emt 0:0:0]} 6. d4 {[%emt 0:0:6]
} exd4 {[%emt 0:0:3]} 7. cxd4 {[%emt 0:0:1]} Bg7 {[%emt 0:0:0]} 8. Nc3 {[%emt 0:0:1]} Ne7 {[%emt 0:0:13]} 9. h3 {[%emt 0:0:9]} h6 {[%emt 0:0:3]
} 10. Bf4 {[%emt 0:0:11]} g5 {[%emt 0:0:15]} 11. Be5 {[%emt 0:0:0]} Bxe5 {[%emt 0:0:14]} 12. Nxe5 {[%emt 0:0:8]} Be6 {[%emt 0:0:17]} 13. h4 {[%emt 0:2:42]} gxh4 {[%emt 0:2:47]} 14. f4 {[%emt 0:0:6]} h3 {[%emt 0:3:38]
} 15. g3 {[%emt 0:0:48]} Ng6 {[%emt 0:0:55]} 16. f5 {[%emt 0:0:0]} Nxe5 {[%emt 0:0:2]} 17. dxe5 {[%emt 0:0:15]} Qg5 {[%emt 0:0:3]} 18. Rxh3 {[%emt 0:4:1]} Qe3+ {[%emt 0:2:33]} 19. Qe2 {[%emt 0:1:4]} Qg1+ {[%emt 0:0:10]
} 20. Qf1 {[%emt 0:0:4]} Qe3+ {[%emt 0:0:16]} 21. Qe2 {[%emt 0:1:30]
} Qg1+ {[%emt 0:0:4]} 22. Qf1 {[%emt 0:0:2]} Qe3+ {[%emt 0:0:0]} 23. Qe2 {[%emt 0:0:17]} Qg1+ 1/2-1/2

[Event "FIDE World Rapid-ch Open 2018"]
[White "Zubov, Alexander"]
[Black "Nepomniachtchi, Ian"]
[Site "St. Petersburg"]
[Round "14.13"]
[Annotator "ChessBase"]
[Result "1/2-1/2"]
[Date "2018.12.28"]
[WhiteElo "2597"]
[BlackElo "2763"]
[PlyCount "207"]
[TimeControl "900+10"]

1. d4 {[%emt 0:0:0]} g6 {[%emt 0:0:0]} 2. e4 {[%emt 0:0:0]} d6 {[%emt 0:0:0]} 3. Nf3 {[%emt 0:0:0]} Nf6 {[%emt 0:0:0]} 4. Bd3 {[%emt 0:0:1]} Bg7 {[%emt 0:0:0]} 5. 0-0 {[%emt 0:0:3]} 0-0 {[%emt 0:0:0]} 6. Re1 {[%emt 0:0:4]
} c6 {[%emt 0:0:0]} 7. h3 Qc7 8. Nbd2 {[%emt 0:1:35]} e5 {[%emt 0:0:0]
} 9. c3 {[%emt 0:0:2]} Nbd7 {[%emt 0:0:10]} 10. Nf1 {[%emt 0:0:0]} Nh5 {[%emt 0:0:1]} 11. Be3 {[%emt 0:0:11]} Re8 {[%emt 0:0:10]} 12. Qd2 {[%emt 0:1:45]} Nf8 {[%emt 0:0:3]} 13. Rad1 {[%emt 0:0:50]} b5 {[%emt 0:0:4]
} 14. c4 {[%emt 0:0:52]} a6 {[%emt 0:0:21]} 15. Rc1 {[%emt 0:0:0]} Qb7 {[%emt 0:0:12]} 16. d5 {[%emt 0:0:31]} Bd7 {[%emt 0:0:28]} 17. b3 {[%emt 0:0:21]} c5 {[%emt 0:0:6]} 18. g4 {[%emt 0:0:12]} Nf6 {[%emt 0:0:0]} 19. Ng3 {[%emt 0:0:2]} bxc4 {[%emt 0:0:23]} 20. bxc4 {[%emt 0:0:5]
} Reb8 {[%emt 0:0:1]} 21. Rb1 {[%emt 0:1:26]} Qc8 {[%emt 0:0:2]} 22. Bg5 {[%emt 0:0:38]
} a5 {[%emt 0:0:32]} 23. Rxb8 {[%emt 0:0:10]} Rxb8 {[%emt 0:0:0]} 24. Qxa5 {[%emt 0:0:19]} Ra8 {[%emt 0:0:2]} 25. Qd2 {[%emt 0:0:42]} Ra3 {[%emt 0:0:6]} 26. Rb1 {[%emt 0:0:38]} Qa6 {[%emt 0:0:17]} 27. Rb2 {[%emt 0:0:2]
} Bc8 {[%emt 0:0:59]} 28. Kg2 {[%emt 0:0:6]} N8d7 {[%emt 0:0:0]} 29. Nf1 {[%emt 0:0:35]} Nb6 {[%emt 0:0:6]} 30. Ne3 {[%emt 0:0:5]} h5 {[%emt 0:0:7]} 31. Nh2 {[%emt 0:0:47]} hxg4 {[%emt 0:0:35]} 32. hxg4 {[%emt 0:0:2]
} Nbd7 {[%emt 0:0:40]} 33. Bh4 {[%emt 0:0:28]} Bh6 {[%emt 0:0:0]} 34. Qe2 {[%emt 0:0:50]} Bf4 {[%emt 0:0:23]} 35. Nhf1 {[%emt 0:1:18]} Nh7 {[%emt 0:1:53]} 36. f3 {[%emt 0:0:21]} Ng5 {[%emt 0:0:9]} 37. Bb1 {[%emt 0:1:25]
} Kg7 {[%emt 0:1:26]} 38. Be1 {[%emt 0:0:23]} Nb6 {[%emt 0:0:0]} 39. Rb3 {[%emt 0:0:9]} Ra4 {[%emt 0:0:6]} 40. Rc3 {[%emt 0:0:37]} Bd7 {[%emt 0:0:34]} 41. Bg3 {[%emt 0:0:39]} Bxg3 {[%emt 0:1:41]} 42. Kxg3 {[%emt 0:0:7]
} Bc8 {[%emt 0:0:9]} 43. Nd2 {[%emt 0:0:41]} Qa7 {[%emt 0:0:0]} 44. Rb3 {[%emt 0:0:38]} Ba6 {[%emt 0:0:49]} 45. a3 {[%emt 0:0:18]} Bc8 {[%emt 0:0:13]} 46. Qd3 {[%emt 0:0:2]} Bd7 {[%emt 0:0:26]} 47. Bc2 {[%emt 0:0:17]
} Ra6 {[%emt 0:0:2]} 48. Bd1 {[%emt 0:0:6]} Qa8 {[%emt 0:0:0]} 49. Qe2 {[%emt 0:0:30]} Qd8 {[%emt 0:0:10]} 50. Qh2 {[%emt 0:0:12]} Qf6 {[%emt 0:0:13]} 51. Kg2 {[%emt 0:0:23]} Ba4 {[%emt 0:0:6]} 52. Rxb6 {[%emt 0:0:47]
} Rxb6 {[%emt 0:0:8]} 53. Bxa4 {[%emt 0:0:2]} Rb2 {[%emt 0:0:0]} 54. Bc2 {[%emt 0:0:1]} Qf4 {[%emt 0:0:25]} 55. Qg1 {[%emt 0:0:1]} Ra2 {[%emt 0:0:1]} 56. Qf2 {[%emt 0:0:24]} Rxa3 {[%emt 0:0:1]} 57. Nef1 {[%emt 0:0:21]
} Ra8 {[%emt 0:0:37]} 58. Qe3 {[%emt 0:0:12]} Qf6 {[%emt 0:0:0]} 59. Qf2 {[%emt 0:0:35]} Rh8 {[%emt 0:0:37]} 60. Qg3 {[%emt 0:0:1]} Kg8 {[%emt 0:0:57]} 61. Bd3 {[%emt 0:0:5]} Rh7 {[%emt 0:0:10]} 62. Nh2 {[%emt 0:0:17]
} Qh8 {[%emt 0:0:7]} 63. f4 {[%emt 0:0:18]} exf4 {[%emt 0:0:0]} 64. Qxf4 {[%emt 0:0:1]} Nh3 {[%emt 0:0:2]} 65. Qe3 {[%emt 0:0:23]} Nf2 {[%emt 0:0:11]} 66. Ndf3 {[%emt 0:0:7]} Rxh2+ {[%emt 0:1:49]} 67. Nxh2 {[%emt 0:0:1]} Qxh2+ {[%emt 0:0:1]} 68. Kxh2 {[%emt 0:0:1]} Nxg4+ {[%emt 0:0:2]
} 69. Kg3 {[%emt 0:0:2]} Nxe3 {[%emt 0:0:1]} 70. Kf4 {[%emt 0:0:13]
} Ng2+ {[%emt 0:0:4]} 71. Kg3 {[%emt 0:0:1]} Ne3 {[%emt 0:0:0]} 72. Kf4 {[%emt 0:0:11]} Nd1 {[%emt 0:1:15]} 73. e5 {[%emt 0:0:9]} Nb2 {[%emt 0:0:2]} 74. Be2 {[%emt 0:0:16]} Kf8 {[%emt 0:0:3]} 75. exd6 {[%emt 0:0:30]
} f6 {[%emt 0:0:2]} 76. Ke3 {[%emt 0:0:13]} Ke8 {[%emt 0:0:0]} 77. Bd3 {[%emt 0:0:12]} Kd7 {[%emt 0:0:40]} 78. Bxg6 {[%emt 0:0:2]} Nxc4+ {[%emt 0:0:1]} 79. Kf4 {[%emt 0:0:14]} Nxd6 {[%emt 0:0:5]} 80. Bc2 {[%emt 0:0:8]
} Kc7 {[%emt 0:0:8]} 81. Kg4 {[%emt 0:0:6]} Nb5 {[%emt 0:0:0]} 82. Bb3 {[%emt 0:0:9]} Kd6 {[%emt 0:0:5]} 83. Kf4 {[%emt 0:0:2]} Ke7 {[%emt 0:1:12]} 84. Ba2 {[%emt 0:0:18]} Nd6 {[%emt 0:0:6]} 85. Bb1 {[%emt 0:0:4]
} Kd8 {[%emt 0:0:6]} 86. Bc2 {[%emt 0:0:7]} Kc7 {[%emt 0:0:0]} 87. Kg4 {[%emt 0:0:1]} Kb6 {[%emt 0:0:9]} 88. Kh5 {[%emt 0:0:6]} c4 {[%emt 0:0:12]} 89. Kg6 {[%emt 0:0:3]} f5 {[%emt 0:0:1]} 90. Kf6 {[%emt 0:0:0]} Kc5 {[%emt 0:0:2]} 91. Ke5 {[%emt 0:0:2]} c3 {[%emt 0:0:1]} 92. Bd3 {[%emt 0:0:10]} Nc4+ {[%emt 0:1:10]} 93. Kxf5 {[%emt 0:0:12]} Kxd5 {[%emt 0:0:1]
} 94. Kf4 {[%emt 0:0:8]} Kd4 {[%emt 0:0:1]} 95. Bc2 {[%emt 0:0:0]} Ne5 {[%emt 0:0:2]} 96. Bb1 {[%emt 0:0:5]} Nc4 {[%emt 0:0:1]} 97. Bc2 {[%emt 0:0:5]} Ne3 {[%emt 0:0:9]} 98. Bb1 {[%emt 0:0:5]} Nf1 {[%emt 0:0:5]
} 99. Bc2 {[%emt 0:0:4]} Nd2 {[%emt 0:0:1]} 100. Bh7 {[%emt 0:0:6]
} Kc4 {[%emt 0:0:1]} 101. Bc2 {[%emt 0:0:23]} Kd4 {[%emt 0:0:0]} 102. Bh7 {[%emt 0:0:4]} Nb3 {[%emt 0:0:7]} 103. Kf3 {[%emt 0:0:8]} Nc1 {[%emt 0:0:3]} 104. Bc2 {[%emt 0:0:6]} 1/2-1/2

[Event "FIDE World Rapid-ch Open 2018"]
[White "Petrosian, Tigran L."]
[Black "Guseinov, Gadir"]
[Site "St. Petersburg"]
[Round "14.14"]
[Annotator "ChessBase"]
[Result "1-0"]
[Date "2018.12.28"]
[WhiteElo "2598"]
[BlackElo "2664"]
[PlyCount "117"]
[TimeControl "900+10"]

1. Nf3 {[%emt 0:0:0]} g6 {[%emt 0:0:0]} 2. g3 {[%emt 0:0:0]} Bg7 {[%emt 0:0:0]
} 3. Bg2 {[%emt 0:0:0]} d6 {[%emt 0:0:4]} 4. 0-0 {[%emt 0:0:0]} Nf6 {[%emt 0:0:12]} 5. c4 {[%emt 0:0:13]} 0-0 {[%emt 0:0:7]} 6. Nc3 {[%emt 0:0:3]
} e5 {[%emt 0:0:9]} 7. d3 {[%emt 0:0:2]} Re8 {[%emt 0:0:44]} 8. Rb1 {[%emt 0:0:18]} a5 {[%emt 0:0:39]} 9. a3 {[%emt 0:0:8]} Nc6 {[%emt 0:0:40]
} 10. Bg5 {[%emt 0:0:26]} h6 {[%emt 0:0:33]} 11. Bxf6 {[%emt 0:0:0]} Bxf6 {[%emt 0:0:8]} 12. b4 {[%emt 0:0:9]} axb4 {[%emt 0:0:5]} 13. axb4 {[%emt 0:0:1]} Bg7 {[%emt 0:0:19]} 14. b5 {[%emt 0:0:13]} Nd4 {[%emt 0:0:8]
} 15. Nxd4 {[%emt 0:3:49]} exd4 {[%emt 0:0:3]} 16. Nd5 {[%emt 0:0:1]
} Bg4 {[%emt 0:0:58]} 17. Re1 {[%emt 0:0:15]} Ra2 {[%emt 0:0:0]} 18. Bf3 {[%emt 0:0:5]} h5 {[%emt 0:2:22]} 19. Nb4 {[%emt 0:1:21]} Ra7 {[%emt 0:0:31]} 20. b6 {[%emt 0:0:31]} cxb6 {[%emt 0:0:16]} 21. Bxg4 {[%emt 0:0:35]
} hxg4 {[%emt 0:0:1]} 22. Nd5 {[%emt 0:0:1]} Ra5 {[%emt 0:0:0]} 23. Nxb6 {[%emt 0:2:24]} Rh5 {[%emt 0:0:49]} 24. Nd5 {[%emt 0:0:12]} Qg5 {[%emt 0:0:16]} 25. Qa4 {[%emt 0:4:22]} Rf8 {[%emt 0:0:42]} 26. Qd7 {[%emt 0:0:54]
} Be5 {[%emt 0:3:26]} 27. Rxb7 {[%emt 0:1:5]} Kg7 {[%emt 0:0:0]} 28. Nc7 {[%emt 0:0:22]} Kg8 {[%emt 0:0:1]} 29. Nd5 {[%emt 0:0:35]} Kg7 {[%emt 0:0:1]} 30. Ra1 {[%emt 0:0:12]} Rh7 {[%emt 0:1:11]} 31. Nc7 {[%emt 0:1:17]
} Kg8 {[%emt 0:0:1]} 32. Nd5 {[%emt 0:0:19]} Qh5 {[%emt 0:0:0]} 33. h4 {[%emt 0:0:1]} gxh3 {[%emt 0:0:1]} 34. Re1 {[%emt 0:0:17]} Qg5 {[%emt 0:0:41]} 35. Kh2 {[%emt 0:0:13]} Qd2 {[%emt 0:0:27]} 36. Rbb1 {[%emt 0:0:0]
} Rh5 {[%emt 0:0:41]} 37. Rbd1 {[%emt 0:0:5]} Qc2 {[%emt 0:0:0]} 38. Qg4 {[%emt 0:0:23]} Re8 {[%emt 0:0:15]} 39. Nc7 {[%emt 0:0:9]} Re7 {[%emt 0:0:24]} 40. Nd5 {[%emt 0:0:1]} Re8 {[%emt 0:0:0]} 41. f4 {[%emt 0:0:0]} Bg7 {[%emt 0:0:2]} 42. Qf3 {[%emt 0:0:5]} Rh6 {[%emt 0:0:25]} 43. Ra1 {[%emt 0:0:24]} Qd2 {[%emt 0:0:11]} 44. Rad1 {[%emt 0:0:0]} Qc2 {[%emt 0:0:1]
} 45. Kh1 {[%emt 0:0:17]} Kh8 {[%emt 0:0:5]} 46. Ra1 {[%emt 0:0:0]} Qd2 {[%emt 0:0:1]} 47. Rad1 {[%emt 0:0:7]} Qc2 {[%emt 0:0:1]} 48. Qg4 {[%emt 0:0:13]} Rh5 {[%emt 0:0:23]} 49. Qf3 {[%emt 0:0:10]} Rh6 {[%emt 0:0:2]
} 50. Kg1 {[%emt 0:0:7]} Kg8 {[%emt 0:0:7]} 51. Kf2 {[%emt 0:0:0]} g5 {[%emt 0:0:38]} 52. fxg5 {[%emt 0:0:8]} Rg6 {[%emt 0:0:0]} 53. Ra1 {[%emt 0:0:14]} Rxg5 {[%emt 0:0:23]} 54. Ra7 {[%emt 0:0:2]} f5 {[%emt 0:0:31]
} 55. Ne7+ {[%emt 0:0:9]} Kh8 {[%emt 0:0:11]} 56. Rh1 {[%emt 0:0:6]
} Be5 {[%emt 0:0:5]} 57. Rxh3+ {[%emt 0:0:5]} Kg7 {[%emt 0:0:0]} 58. Nxf5+ {[%emt 0:0:5]} Kg6 {[%emt 0:0:11]} 59. Rh6# {[%emt 0:0:0]} 1-0

[Event "FIDE World Rapid-ch Open 2018"]
[White "Savchenko, Boris"]
[Black "Jakovenko, Dmitry"]
[Site "St. Petersburg"]
[Round "14.15"]
[Annotator "ChessBase"]
[Result "0-1"]
[Date "2018.12.28"]
[WhiteElo "2562"]
[BlackElo "2735"]
[PlyCount "84"]
[TimeControl "900+10"]

1. e4 {[%emt 0:0:0]} e5 {[%emt 0:0:0]} 2. Nf3 {[%emt 0:0:27]} Nc6 {[%emt 0:0:0]
} 3. Nc3 {[%emt 0:0:19]} Nf6 {[%emt 0:0:0]} 4. Rb1 {[%emt 0:0:0]} Bb4 {[%emt 0:1:50]} 5. Bc4 {[%emt 0:6:29]} Bxc3 {[%emt 0:1:59]} 6. bxc3 {[%emt 0:0:26]} Nxe4 {[%emt 0:0:52]} 7. Bd5 {[%emt 0:0:26]} Nf6 {[%emt 0:0:18]
} 8. Bxc6 {[%emt 0:0:5]} dxc6 {[%emt 0:0:1]} 9. Nxe5 {[%emt 0:0:28]
} Qd5 {[%emt 0:0:41]} 10. 0-0 {[%emt 0:0:8]} 0-0 {[%emt 0:0:0]} 11. d4 {[%emt 0:1:2]} Qxa2 {[%emt 0:0:10]} 12. Rb3 {[%emt 0:0:53]} c5 {[%emt 0:1:32]} 13. dxc5 {[%emt 0:3:17]} Qa6 {[%emt 0:1:31]} 14. c4 {[%emt 0:0:29]
} Bf5 {[%emt 0:0:27]} 15. Bb2 {[%emt 0:1:11]} Rfd8 {[%emt 0:0:0]} 16. Qc1 {[%emt 0:0:6]} Bg6 {[%emt 0:2:21]} 17. Re1 {[%emt 0:1:32]} Re8 {[%emt 0:0:12]} 18. Rbe3 {[%emt 0:0:19]} Qa4 {[%emt 0:0:29]} 19. c6 {[%emt 0:0:12]
} bxc6 {[%emt 0:0:19]} 20. Nd7 {[%emt 0:0:6]} Ne4 {[%emt 0:0:0]} 21. f3 {[%emt 0:0:16]} c5 {[%emt 0:0:8]} 22. Ne5 {[%emt 0:0:9]} Nd6 {[%emt 0:0:24]
} 23. R1e2 {[%emt 0:0:11]} f6 {[%emt 0:0:32]} 24. Ra3 {[%emt 0:0:0]} Qb4 {[%emt 0:0:31]} 25. Rb3 {[%emt 0:0:1]} Qa5 {[%emt 0:0:25]} 26. Nc6 {[%emt 0:0:2]} Qa4 {[%emt 0:0:6]} 27. Ne7+ {[%emt 0:0:5]} Kf7 {[%emt 0:0:5]
} 28. Qe1 {[%emt 0:0:21]} Qxc4 {[%emt 0:0:11]} 29. Rbe3 {[%emt 0:0:9]
} a5 {[%emt 0:0:29]} 30. h4 {[%emt 0:0:2]} a4 {[%emt 0:0:8]} 31. Ba1 {[%emt 0:0:28]} a3 {[%emt 0:0:3]} 32. g4 {[%emt 0:0:7]} a2 {[%emt 0:0:12]
} 33. h5 {[%emt 0:0:2]} Be4 {[%emt 0:0:4]} 34. fxe4 {[%emt 0:0:0]} Rxe7 {[%emt 0:0:1]} 35. g5 {[%emt 0:0:3]} Rb8 {[%emt 0:0:2]} 36. Rb3 {[%emt 0:0:17]} Rxb3 {[%emt 0:0:4]} 37. cxb3 {[%emt 0:0:2]} Qxb3 {[%emt 0:0:2]
} 38. Qf2 {[%emt 0:0:18]} Qb1+ {[%emt 0:0:4]} 39. Re1 {[%emt 0:0:1]
} Rxe4 {[%emt 0:0:2]} 40. Rf1 {[%emt 0:0:9]} Rg4+ {[%emt 0:0:0]} 41. Kh2 {[%emt 0:0:1]} Qe4 {[%emt 0:0:5]} 42. Qxa2+ {[%emt 0:0:11]
} c4 {[%emt 0:0:1]} 0-1

[Event "FIDE World Rapid-ch Open 2018"]
[White "Sargissian, Gabriel"]
[Black "Oparin, Grigoriy"]
[Site "St. Petersburg"]
[Round "14.16"]
[Annotator "TA"]
[Result "1/2-1/2"]
[Date "2018.12.28"]
[WhiteElo "2689"]
[BlackElo "2613"]
[PlyCount "148"]

1. d4 {} Nf6 2. Nf3 e6 3. c4 b6 4. g3 Bb7 5. Bg2 Be7 6. 0-0 0-0 7. Re1 Na6 8. Nc3 Ne4 {LiveBook: 151 Games. E18:
Queen's Indian: Old Main Line (4 g3 Bb7 5 Bg2 Be7 6 0-0 0-0 7 Nc3)} 9. h4 d6 $146 ({Predecessor:} 9... f5 10. Bf4 Bf6 11. Ng5 Nxc3 12. bxc3 Bxg2 13. Kxg2 Bxg5 14. hxg5 d6 15. e4 Qd7 16. Qd3 {1/2-1/2 (57) Khismatullin,D (2627)-Oparin,
G (2587) Yaroslavl 2018} )10. Nxe4 Bxe4 11. Ng5 Bxg2 12. Kxg2 h6 13. Nf3 c5 14. d5 exd5 15. Qxd5 Nc7 16. Qf5 Re8 17. Bf4 Ne6 18. Rad1 b5 19. cxb5 Nxf4+ 20. Qxf4 Qa5 21. a4 $36 { White fights for an advantage.} a6 22. bxa6 $1 Qxa6 23. b3 Rab8 24. Nd2 d5 25. Rc1 (25. e4 $16 )Bf8 26. Qf3 d4 ({
Better is} 26... Rb4 $14 )27. Nc4 Re6 28. e4 {} Qb7 29. Rb1 Rbe8 30. e5 Qb8 31. a5 {} Be7 32. Ra1 Bd8 $2 (32... Ra6 $16 )33. a6 $18 R8e7 (33... Bb6 {was worth a try.} 34. Nxb6 Rxb6 )34. Nd6 Ra7 35. Qc6 (35. b4 $142 )Be7 36. Qc8+ Qxc8 37. Nxc8 Ra8 38. Nxe7+ Rxe7 $16 { Endgame KRR-KRR} 39. Ra5 Re6 40. a7 Re7 41. Rea1 Rxe5 42. Rb5 Ree8 43. Rxc5 {And now b4 would win.} Re7 44. Rd5 Raxa7 45. Rxa7 Rxa7 {KR-KR} 46. Rd8+ Kh7 47. Rxd4 Ra2 48. b4 Rb2 49. Kf3 h5 $2 {} (49... g5 $16 {is a better chance.} 50. h5 Kg7 )50. Ke3 Kg6 51. Rf4 f6 {[#]} 52. Kd3 $1 Kf7 53. Kc3 Rb1 54. Kc4 Ke6 55. Kc5 g5 56. Rc4 Rb2 {[#]} 57. hxg5 (57. f4 $1 $16 )fxg5 $11 58. f4 h4 59. fxg5 h3 $1 60. Rh4 h2 61. b5 Rc2+ {
The position is equal.} 62. Kb6 Kf5 63. Ka6 Ra2+ 64. Kb7 Kxg5 65. b6 Rb2 66. Kc7 Rc2+ 67. Kb8 Rb2 68. b7 {Hoping for Kc7.} Kf5 69. Kc7 Rc2+ 70. Kd7 Rb2 71. Kc6 Rc2+ 72. Kd7 Rb2 73. Kc7 Rc2+ 74. Kb8 Rb2 {Accuracy: White = 64%, Black =
55%.} 1/2-1/2

[Event "FIDE World Rapid-ch Open 2018"]
[White "Cheparinov, Ivan"]
[Black "Alekseev, Evgeny"]
[Site "St. Petersburg"]
[Round "14.17"]
[Annotator "ChessBase"]
[Result "1-0"]
[Date "2018.12.28"]
[WhiteElo "2709"]
[BlackElo "2639"]
[PlyCount "156"]
[TimeControl "900+10"]

1. Nf3 {[%emt 0:0:0]} c5 {[%emt 0:0:0]} 2. c4 {[%emt 0:0:0]} Nc6 {[%emt 0:0:13]
} 3. Nc3 {[%emt 0:0:0]} g6 {[%emt 0:0:21]} 4. e3 {[%emt 0:0:0]} Nf6 {[%emt 0:0:9]} 5. d4 {[%emt 0:0:1]} cxd4 {[%emt 0:0:3]} 6. exd4 {[%emt 0:0:2]} d5 {[%emt 0:0:2]} 7. cxd5 {[%emt 0:0:3]} Nxd5 {[%emt 0:0:0]} 8. Qb3 {[%emt 0:0:2]} e6 {[%emt 0:0:16]} 9. Bb5 {[%emt 0:0:7]} Bg7 {[%emt 0:0:9]
} 10. 0-0 {[%emt 0:0:6]} 0-0 {[%emt 0:0:7]} 11. Bxc6 {[%emt 0:0:2]
} bxc6 {[%emt 0:0:3]} 12. Re1 {[%emt 0:0:3]} Qc7 {[%emt 0:0:0]} 13. h3 {[%emt 0:0:5]} Rb8 {[%emt 0:1:2]} 14. Qd1 {[%emt 0:0:5]} Rd8 {[%emt 0:1:11]} 15. Ne4 {[%emt 0:1:52]} h6 {[%emt 0:0:15]} 16. Bd2 {[%emt 0:0:0]} Kh7 {[%emt 0:2:25]} 17. Rb1 {[%emt 0:2:28]} Rb5 {[%emt 0:1:53]} 18. a4 {[%emt 0:0:27]} Rb8 {[%emt 0:0:12]} 19. b4 {[%emt 0:0:5]} Qe7 {[%emt 0:0:0]} 20. Nc5 {[%emt 0:0:49]} Bd7 {[%emt 0:0:40]} 21. Ne5 {[%emt 0:0:26]} Be8 {[%emt 0:0:1]} 22. Qc2 {[%emt 0:0:24]} Qh4 {[%emt 0:0:52]} 23. Re4 {[%emt 0:0:35]
} Qe7 {[%emt 0:0:5]} 24. Ree1 {[%emt 0:0:39]} Qh4 {[%emt 0:0:0]} 25. Nf3 {[%emt 0:0:23]} Qf6 {[%emt 0:0:29]} 26. Rb3 {[%emt 0:0:12]} Qe7 {[%emt 0:1:28]} 27. Ne5 {[%emt 0:0:19]} Qh4 {[%emt 0:0:8]} 28. Nf3 {[%emt 0:0:31]
} Qe7 {[%emt 0:0:6]} 29. Qc1 {[%emt 0:0:15]} Qf6 {[%emt 0:0:0]} 30. Ne5 {[%emt 0:0:19]} Qh4 {[%emt 0:0:6]} 31. Nf3 {[%emt 0:0:22]} Qf6 {[%emt 0:0:13]} 32. Re4 {[%emt 0:0:4]} Qe7 {[%emt 0:0:45]} 33. Rh4 {[%emt 0:0:14]
} h5 {[%emt 0:0:51]} 34. Re4 {[%emt 0:0:20]} Rd6 {[%emt 0:0:0]} 35. Re1 {[%emt 0:0:43]} f6 {[%emt 0:0:11]} 36. Qc4 {[%emt 0:1:25]} Bf7 {[%emt 0:0:42]} 37. Qc2 {[%emt 0:0:57]} Kg8 {[%emt 0:0:10]} 38. Qc1 {[%emt 0:1:6]
} g5 {[%emt 0:0:7]} 39. Ne4 {[%emt 0:0:41]} Rd7 {[%emt 0:0:0]} 40. Qxc6 Rc7 41. Qa6 {[%emt 0:2:0]} g4 {[%emt 0:0:24]} 42. hxg4 {[%emt 0:0:1]
} hxg4 {[%emt 0:0:1]} 43. Nh2 {[%emt 0:0:23]} Nxb4 {[%emt 0:0:0]} 44. Qa5 {[%emt 0:0:25]} Nc6 {[%emt 0:0:20]} 45. Rxb8+ {[%emt 0:0:3]
} Nxb8 {[%emt 0:0:1]} 46. Nxg4 {[%emt 0:0:19]} Rc8 {[%emt 0:0:7]} 47. Bb4 {[%emt 0:0:22]} Qd8 {[%emt 0:0:5]} 48. Qxd8+ {[%emt 0:0:3]} Rxd8 {[%emt 0:0:0]} 49. Ngxf6+ {[%emt 0:0:14]} Bxf6 {[%emt 0:0:2]} 50. Nxf6+ Kg7 51. Ng4 {[%emt 0:0:48]} Nc6 {[%emt 0:0:1]} 52. Bc3 {[%emt 0:0:3]} Kf8 {[%emt 0:0:0]} 53. Re4 {[%emt 0:0:22]} Ke7 {[%emt 0:0:8]} 54. Ne5 {[%emt 0:0:23]} Be8 {[%emt 0:0:1]} 55. Rh4 {[%emt 0:0:18]} Nxe5 {[%emt 0:0:19]} 56. dxe5 {[%emt 0:0:1]
} Rd1+ {[%emt 0:0:11]} 57. Kh2 {[%emt 0:0:1]} Bg6 {[%emt 0:0:0]} 58. Rg4 {[%emt 0:0:12]} Kf7 {[%emt 0:0:10]} 59. Rb4 {[%emt 0:0:6]} Rd7 {[%emt 0:0:7]} 60. a5 {[%emt 0:0:12]} a6 {[%emt 0:0:23]} 61. Bd4 {[%emt 0:0:0]} Be4 {[%emt 0:0:3]} 62. Bc5 {[%emt 0:0:7]} Bc6 {[%emt 0:0:9]} 63. Bd6 {[%emt 0:0:6]} Rb7 {[%emt 0:0:12]} 64. Rf4+ {[%emt 0:0:9]} Ke8 {[%emt 0:0:1]
} 65. Rf8+ {[%emt 0:0:18]} Kd7 {[%emt 0:0:0]} 66. g4 {[%emt 0:0:0]} Rb3 {[%emt 0:0:11]} 67. Rf7+ {[%emt 0:0:10]} Kd8 {[%emt 0:0:6]} 68. Rf8+ {[%emt 0:0:20]} Kd7 {[%emt 0:0:1]} 69. f4 {[%emt 0:0:20]} Be4 {[%emt 0:0:32]
} 70. Rf7+ {[%emt 0:0:26]} Kc6 {[%emt 0:0:12]} 71. f5 {[%emt 0:0:0]} exf5 {[%emt 0:0:9]} 72. gxf5 {[%emt 0:0:3]} Kd5 {[%emt 0:0:21]} 73. f6 {[%emt 0:0:9]} Rf3 {[%emt 0:0:29]} 74. Rg7 {[%emt 0:0:18]} Ke6 {[%emt 0:0:4]
} 75. Re7+ {[%emt 0:0:4]} Kd5 {[%emt 0:0:1]} 76. Ra7 {[%emt 0:0:13]
} Bg6 {[%emt 0:0:8]} 77. Rxa6 {[%emt 0:0:10]} Ke4 {[%emt 0:0:0]} 78. Rb6 {[%emt 0:0:2]} Kd5 1-0